000 00275nam a2200109Ia 4500
008 220216s9999 xx 000 0 und d
100 _aSajen Peter
245 0 _aIndia can tap the emerging global opportunities
260 _bRubber Asia
_c2008
300 _a27-28
942 _cBS
999 _c51153
_d51153